Отрочество: повести; Вып. 5; Открытие мира; Кража; Иван; Сирота; Безотцовщина

Détails bibliographiques
Autres auteurs: Носков В. (иллюстратор)
Langue:russe
Publié: Москва, Детская литература, 1990
TOC:И. Стрелкова, Открытие мира;
В. П. Астафьев, Кража;
В. О. Богомолов, Иван;
Н. Дубов, Сирота;
Ф. Абрамов, Безотцовщина;
Sujets:
Format: MixedMaterials Livre
KOHA link:https://koha.lib.tpu.ru/cgi-bin/koha/opac-detail.pl?biblionumber=113536

MARC

LEADER 00000nam0a2200000 4500
001 113536
005 20231101215131.0
010 |a 5080019514 
035 |a (RuTPU)RU\TPU\book\122795 
090 |a 113536 
100 |a 20070412d1990 m y0rusy50 ca 
101 0 |a rus 
102 |a RU 
105 |a a z 000ay 
200 1 |a Отрочество  |e повести  |f худож. В. Носков  |h Вып. 5 
210 |a Москва  |c Детская литература  |d 1990 
215 |a 732 с.  |c ил. 
464 |t Открытие мира  |o предисловие  |f И. Стрелкова 
464 |t Кража  |f В. П. Астафьев 
464 |t Иван  |f В. О. Богомолов 
464 |t Сирота  |f Н. Дубов 
464 |t Безотцовщина  |f Ф. Абрамов 
606 1 |a Русская литература современная  |2 stltpush  |3 (RuTPU)RU\TPU\subj\26373  |9 50316 
610 1 |a советская литература 
610 1 |a повести 
610 1 |a сборники 
675 |a Р2  |v 3 
702 1 |a Носков  |b В.  |4 440 
801 1 |a RU  |b 63413507  |c 20070412  |g PSBO 
801 2 |a RU  |b 63413507  |c 20220203  |g PSBO 
942 |c BK